000 00733nam a2200205Ia 4500
005 20241129111248.0
008 241129s9999||||xx |||||||||||||| ||und||
037 _aTB
040 _aCRL
_bpun
_cCRL
041 _apun
_2pun
084 _aO153,1x R3
_qCRL
100 _aਮਾਜਰੀ, ਗੁਰਮੀਤ ਸਿੰਘ ਕੱਲਰ, ਥਦ।
_9168115
245 0 _aਜ਼ਖ਼ਮਾਂ ਦਾ ਹਾਸ਼ੀਆ
_cਮਾਜਰੀ, ਗੁਰਮੀਤ ਸਿੰਘ ਕੱਲਰ, ਥਦ।
260 _aਪਟਿਆਲਾ, ਭਾਰਤ
_bਕੈਲੀਵਰ
_c2023
300 _a143ਪ੍ਰ0
365 _aINR
_b170
650 _aPunjabi LiteraturePoetry
_9726276
942 _cTB
_hO153,1x R3
999 _c1229638
_d1229638